000 00285nam a2200109Ia 4500
008 190216s9999||||xx |||||||||||||| ||und||
100 _aBankmen Faculty Council
245 0 _aPractical Problems In Banking Law And Practice
260 _bPremier Book Co
650 _aCommerce
942 _cBK
999 _c4825
_d4825